Govt. of
Madhya Pradesh

Galileo Thro Telescope (Record no. 63783)

MARC details
000 -LEADER
fixed length control field 00257nam a22001097a 4500
082 ## - DEWEY DECIMAL CLASSIFICATION NUMBER
Classification number 741.642
100 ## - MAIN ENTRY--AUTHOR NAME
Personal name Roy, Biman Chandra
245 ## - TITLE STATEMENT
Title Galileo Thro Telescope
260 ## - PUBLICATION, DISTRIBUTION, ETC. (IMPRINT)
Place of publication kolkata
Name of publisher Best Books
Year of publication 2012
650 ## - SUBJECT ADDED ENTRY--TOPICAL TERM
Topical Term Children
942 ## - ADDED ENTRY ELEMENTS (KOHA)
Koha item type Books
Holdings
Withdrawn status Lost status Damaged status Not for loan Home library Current library Date acquired Cost, normal purchase price Full call number Accession Number Price effective from Koha item type
        MACL MACL 22/10/2020 200.00 741.642 RRC000321 22/10/2020 Books